| 000 | 00741nam a2200205 u 4500 | ||
|---|---|---|---|
| 005 | 20240203063631.0 | ||
| 008 | 110405s2005 r 000 0 eng d | ||
| 020 | _a9707040785 | ||
| 035 | _aUPN01000180119 | ||
| 049 | _aCG | ||
| 050 | 4 |
_aLB2329.8 M6 _bI2.2 |
|
| 100 | 1 | _aIbarra Mendívil, Jorge Luis | |
| 245 | 1 | 0 |
_aAcciones de transformación de las universidades públicas mexicanas : _b1994-2003 / _cJorge Luis Ibarra Mendívil, Javier Mendoza Rojas y Patricia Acuña Monsalve. |
| 260 |
_aMéxico : _bANUIES, _c2005. |
||
| 300 |
_a80 p. : _bcuadros |
||
| 650 | 4 |
_aUniversidades y colegios públicos _zMéxico _93892 |
|
| 700 | 1 |
_aMendoza Rojas, Javier _ecoaut. _929304 |
|
| 700 | 1 |
_aAcuña Monsalve, Patricia, _ecoaut. |
|
| 905 | _aLibro | ||
| 999 |
_c152222 _d152222 |
||